| 000 | 00813nam a2200241 u 4500 | ||
|---|---|---|---|
| 005 | 20240924070652.0 | ||
| 008 | 140617s2002 mx r 000 0 spa d | ||
| 020 | _a9685377014 | ||
| 040 |
_aMX-MxUPN _bspa _cMX-MxUPN |
||
| 041 | 0 | _aspa | |
| 050 | 4 |
_aD13 _bA32 2002 |
|
| 100 | 1 |
_aAguirre Rojas, Carlos Antonio, _d1955- _930121 |
|
| 245 | 1 | 0 | _aAntimanual del mal historiador o ¿cómo hacer hoy una buena historia crítica? |
| 260 |
_aMéxico, D.F. : _bEdiciones La Vasija, _c2002. |
||
| 300 |
_a131 páginas : _bilustraciones, fotografías en blanco y negro |
||
| 650 | 2 |
_aHistoria _xMetodología _96995 |
|
| 650 | 2 |
_aHistoriografía _xHistoria _923183 _ySiglo XX |
|
| 650 | 4 |
_aHistoria _xFilosofía _96938 |
|
| 902 | _bNoemiAcosta/240423 | ||
| 905 | _aLibro | ||
| 942 |
_2lcc _n0 _cLIBRO |
||
| 999 |
_c209489 _d209489 |
||